Návraty, ktoré tešia K premiére baletov Šeherezáda i Ples kadetov v Košiciach

Bibliographic Details
Main Author: Nemec, Ladislav (Author)
Format: Article
Language:Slovak
Subjects:

MARC

LEADER 00000nab a2200000 a 4500
001 vtls000151675
003 SK-MaSNL
005 20260302210330.0
008 040806c1983 xo 0 slo
015 |a SNBRB19rr/mm-uuuuu 
035 |a CL0161782 
040 |a SNKBUCL  |b slo  |c SNKBUCL  |e AACR2 
041 0 |a slo 
044 |a xo  |c SK 
080 |a 792.5  |2 1981 
100 1 |a Nemec, Ladislav  |4 aut  |9 642652 
245 1 0 |a Návraty, ktoré tešia  |b K premiére baletov Šeherezáda i Ples kadetov v Košiciach  |c Ladislav Nemec 
500 |a Režisér a choreograf Stanislav Remar 
600 1 7 |a Rimskij-Korsakov, Nikolaj Andrejevič,  |d 1844-1908  |t Šeherezáda  |2 snkbucl  |9 933193 
600 1 7 |a Strauss, Johann,  |d 1825-1899  |t Ples kadetov  |2 snkbucl  |9 456677 
610 2 7 |a Štátne divadlo Košice.  |b Balet  |2 snkbucl  |9 31515 
650 0 7 |a balety  |2 snkbucl  |9 31615 
655 7 |a recenzie  |2 snkbucl  |9 21907 
655 7 |a články z novín a časopisov  |2 snkbucl  |9 267496 
773 0 |t Ľud  |g Roč. 36, č. 135 (10. 6. 1983), s. 5 
850 |a Slovenská národná knižnica v Martine  |a MTA001 
852 |a SNK  |b KIS3GCP 
999 |c 1482102  |d 1484032